000 00396nam a2200157 i 4500
001 bg
100 1 _aCUKLIN, S. G.
245 0 _aLaboratornyj praktikum po kursu "Cholodilnye ustanovki" /
_cS.G. Cuklin, I.G. Cumak.
260 _aMoskva,
_c1974.
700 1 _aCUMAK, I. G.
040 _cBPK
041 _apol
080 _a621.565
942 _cKS
008 s pl f |000 0 pol
999 _c16285
_d16285
856 _uhttp://koha.tu.koszalin.pl/cgi-bin/koha/opac-detail.pl?biblionumber=16285
_yKatalog online BPK